Kết cấu và tính toán đông cơ đốt trong.Tập 3 /
Shranjeno v:
| Glavni avtor: | |
|---|---|
| Drugi avtorji: | , , |
| Format: | Knjiga |
| Jezik: | Vietnamese |
| Izdano: |
H. :
Đại học và trung học chuyên nghiệp ,
1977
|
| Izdaja: | In lần thứ 1 |
| Teme: | |
| Oznake: |
Označite
Brez oznak, prvi označite!
|
| Thư viện lưu trữ: | Thư viện Trường CĐ Kỹ Thuật Cao Thắng |
|---|
| LEADER | 00984nam a2200277 a 4500 | ||
|---|---|---|---|
| 001 | TVCDKTCT28 | ||
| 003 | Thư viện trường Cao đẳng Kỹ thuật Cao Thắng | ||
| 005 | 20170605074553.0 | ||
| 008 | 050728 | ||
| 980 | \ | \ | |a Thư viện Trường CĐ Kỹ Thuật Cao Thắng |
| 024 | |a RG_1 #1 eb0 i1 | ||
| 041 | 0 | # | |a vie |
| 082 | # | # | |a 621.8 / |b H450CH-K |
| 100 | 1 | # | |a Hồ Tấn Chuẩn |
| 245 | 0 | 0 | |a Kết cấu và tính toán đông cơ đốt trong.Tập 3 / |c Hồ Tấn Chuẩn, ...[et al.] |
| 250 | # | # | |a In lần thứ 1 |
| 260 | # | # | |a H. : |b Đại học và trung học chuyên nghiệp , |c 1977 |
| 300 | # | # | |a 305tr. ; |c 27 cm |
| 650 | # | 4 | |a Cơ khí |
| 650 | # | 4 | |a Cơ khí--Máy móc |
| 700 | 0 | # | |a Nguyễn Đức Phú |
| 700 | 0 | # | |a Nguyễn Tất Tiến |
| 700 | 0 | # | |a Trần Văn Tế |
| 721 | # | # | |a CNKT Cơ điện tử |
| 721 | # | # | |a CNKT Cơ khí |
| 841 | # | # | |b Kho Sách |j 100000402, 100000403 |